| 000 | 00386nam a22001697a 4500 | ||
|---|---|---|---|
| 005 | 20260310165112.0 | ||
| 008 | 260310b |||||||| |||| 00| 0 eng d | ||
| 020 | _a9788119868339 | ||
| 041 | _aeng | ||
| 082 | _a343.0721 VYA-A | ||
| 100 |
_aVYAS, NEHA _98894 |
||
| 245 | _aAVTAR SINGH'S COMPETITION LAW | ||
| 260 |
_aLUCKNOW _bEBC |
||
| 300 | _a246;P | ||
| 650 | _aLAW | ||
| 942 | _cBK | ||
| 999 |
_c9075 _d9073 |
||